| 000 | 00683nam a2200217 a 4500 | ||
|---|---|---|---|
| 001 | 4128 | ||
| 005 | 20140414131932.0 | ||
| 008 | 090209s19uu xx 00 eng d | ||
| 020 | _a1-56065-509-7 | ||
| 050 |
_aREF 610.6 _bR22 1997 |
||
| 100 | _aReady, Dee | ||
| 245 |
_aDoctors / _cby Dee Ready. |
||
| 260 |
_aMankato, Minnesota : _bCapstone Press, _cc1997. |
||
| 300 | _a24 p. : col., ill. cm. | ||
| 440 | _aCommunity helpers | ||
| 500 | _aIncludes bibliographical references and index. | ||
| 520 | _aExplains the clothing, tools, schooling, and work of doctors | ||
| 650 |
_aPhysicians _xJuvenile literature. |
||
| 650 |
_aMedicine _xJuvenile literature. |
||
| 999 |
_c112245 _d112245 |
||